000 00402nam a2200133 i 4500
001 bg
100 1 _aStańko, Józef.
245 0 _aProgramowanie w języku ASSEMBLER Jednolitego Systemu Elektronicznych Maszyn Cyfrowych.
_nCz. 1,
_pArchitektura EMC R-32 /
_cJózef Stańko.
260 _aWrocław,
_c1977.
040 _cBPK
041 _apol
942 _cKS
008 s pl f |000 0 pol
999 _c17677
_d17677
856 _uhttp://koha.tu.koszalin.pl/cgi-bin/koha/opac-detail.pl?biblionumber=17677
_yKatalog online BPK